Kampung kaya

Bibliographic Details
Main Author: Razzi Armansur
Format: Book
Published: Kuala Lumpur : PTS Professional Publishing , 2007
Series:Bisnes & pengurusan
Subjects:

MARC

LEADER 00000cam a2200000 7i4500
001 0000015542
005 20080331.0
008 080331
020 |a 9833585526 
090 0 0 |a RAZ   |b MAL 
100 0 |a Razzi Armansur 
245 1 0 |a Kampung kaya   |c Razzi Armansur 
260 |a Kuala Lumpur :   |b PTS Professional Publishing ,   |c 2007 
440 |a Bisnes & pengurusan 
650 0 |a Malay fiction 
999 |a 0001018239   |b Book   |c Teenagers   |e Perbadanan Perpustakaan Awam Johor 
999 |a 0001018240   |b Book   |c Teenagers   |e Perbadanan Perpustakaan Awam Johor 
999 |a 0001018241   |b Book   |c Teenagers   |e Perbadanan Perpustakaan Awam Johor